Dark Souls Category Elimination - Weapons - Statistics

General Stats
  • This quiz has been taken 15 times
  • The average score is 10 of 20
Answer Stats
Category Criteria # Answer % Correct
Blue Straight Swords and Curved Swords 20
100%
Red Spears or Halberds 19
90%
Green Axes or Hammers 26
80%
Green That is not a starting class weapon or obtained from a boss (tail cut or soul) 17
70%
Red That require15 or more strength to wield one-handed 12
70%
Orange Bows or Crossbows 11
70%
Orange That Require 9 or more Strength to wield 9
70%
Orange and deal 52 or less physical attack damage at +0 reinforcement 5
70%
Red and can be obtained in Anor Londo 7
60%
Red and deals lightning damage 2
50%
Blue that require 14 or higher in a stat to wield 9
40%
Blue and deals 75-85 physical damage at +0 reinforcement 5
40%
Green and deals 120 or less physical damage at +0 reinforcement 11
40%
Blue and has higher than C scaling in dexterity at base 2
30%
Orange and require 16 or more dexterity to wield 2
30%
Red and requires less than 20 dexterity to wield 1 Giant's Halberd
30%
Blue and is obtainable in Anor Londo 1 Painting Guardian Sword
30%
Green and inflicts a status effect on the enemy 3
20%
Orange and is not dropped by an enemy 1 Sniper Crossbow
20%
Green and drops from an enemy 1 Large Club
10%
No matching quizzes found
Score Distribution
Percent of People with Each Score
Percentile by Number Answered
Your Score History
You have not taken this quiz